Tram Liège - Statistics

General Stats
  • This quiz has been taken 3 times
  • The average score is 10 of 23
Answer Stats
Stations % Correct
Opéra
100%
Standard
100%
Féronstrée
67%
Saint Lambert
67%
Blonden
33%
Charlemagne
33%
Curtius
33%
Gare des Guillemins
33%
Droixhe
33%
Général Leman
33%
La Batte
33%
Liège Expo
33%
Marengo
33%
Parc Reine Astrid
33%
Petit Bourgogne
33%
Petit Paradis
33%
Place Coronmeuse
33%
Place Ferrer
33%
Pont Atlas
33%
Pont d'Avroy
33%
Pont Maghin
33%
Sauvenière
33%
Val Benoît
33%
No matching quizzes found
Score Distribution
Percent of People with Each Score
Percentile by Number Answered
Your Score History
You have not taken this quiz